Tiếng Anh 11 : Sách giáo viên

Sách bao gồm 3 phần: phần một giới thiệu chương trình môn tiếng Anh Lớp 11 giúp học sinh biết được vị trí, mục tiêu và nội dung môn học. Phần hai giới thiệu sách giáo khoa môn tiếng Anh Lớp 11 giúp hệ thống lại các chủ điểm, cấu tạo mộ...

Descrición completa

Gardado en:
Detalles Bibliográficos
Autor Principal: Hoàng, Văn Vân
Formato: Libro
Idioma:Undetermined
Publicado: Hà Nội Giáo dục Việt Nam 2013
Những chủ đề:
Các nhãn: Engadir etiqueta
Sen Etiquetas, Sexa o primeiro en etiquetar este rexistro!
Thư viện lưu trữ: Trung tâm Học liệu Trường Đại học Cần Thơ
LEADER 01194nam a2200229Ia 4500
001 CTU_236584
008 210402s9999 xx 000 0 und d
020 |c 9500 
082 |a 428.00712 
082 |b V121 
100 |a Hoàng, Văn Vân 
245 0 |a Tiếng Anh 11 : 
245 0 |b Sách giáo viên 
245 0 |c Hoàng Văn Vân (Tổng chủ biên) 
260 |a Hà Nội 
260 |b Giáo dục Việt Nam 
260 |c 2013 
520 |a Sách bao gồm 3 phần: phần một giới thiệu chương trình môn tiếng Anh Lớp 11 giúp học sinh biết được vị trí, mục tiêu và nội dung môn học. Phần hai giới thiệu sách giáo khoa môn tiếng Anh Lớp 11 giúp hệ thống lại các chủ điểm, cấu tạo một bài học phương pháp và đồ dùng dạy học. Phần ba gợi ý giảng dạy từng đơn vị bài học cụ thể. 
650 |a English language,Tiếng Anh 
650 |x Study and teaching (Secondary),Dạy và học (Trung học) 
904 |i Hải 
980 |a Trung tâm Học liệu Trường Đại học Cần Thơ